1817 1289 1118 1744 1139 1289 1522 1271 1670 1628 1383 1783 1429 1273 1381 1745 1152 1856 1353 1164 1867 1910 1108 1294 1939 1165 1930 1271 1554 1389 1335 1132 1168 1759 1588 1013 1376 1843 1103 1262 1058 1363 1375 1346 1180 1865 1869 1002 1985 1559 1683 1026 1495 1543 1006 1641 1233 1052 1640 1539 1132 1334 1399 1039 1097 1957 1170 1840 1853 1264 1189 1924 1911 1031 1374 1369 1973 1509 1040 1757 1146 1919 1698 1984 1141 1410 1153 1753 1309 1613 1354 1189 1686 1700 1246 1864 1170 1711 1540 BCNSPRNW ULIB Ver.6.0+V

เปลี่ยนเป็นภาษาไทย

Change to English
 แสดงรายละเอียดบรรณานุกรม
  กลับหน้าหลัก

Brief Record : Get Marc (ISO 2709) : E-mail record : QR code < ปิดหน้าต่าง
LEADER : 00000nam 2200000uu 4500
001    13399126845
003     ULIB
008    020711s2562 th a 000 0 tha d
060    วจ^aWY157^bพ451ผ
100    ^aพลอยไพลิน มาสุข กำแพงจินดา
245    ^aผลสัมฤทธิ์ของการเรียนโดยใช้รูปแบบการสอนแบบซิปปา เรื่อง การดูแลหญิงตั้งครรภ์เบาหวานสำหรับนักศึกษาพยาบาล : Achievement of learning by using the Zippa model teaching on the care of pregnant women with gestational diabetes mellitus for nursing students.
260    ^aนครสวรรค์ :^bวิทยาลัยพยาบาลบรมราชชนนีสวรรค์ประชารักษ์ นครสวรรค์,^c2562
650    ^aพยาบาล^xการเรียนการสอน
945    ^p0^l0^i005504
999    ^aประนอม เกษจรัล
รายการนี้ยังไม่มีแท็ก
คุณยังไม่ได้ล็อกอิน คุณสามารถมีกิจกรรมร่วมกับเว็บไซต์ได้ แต่ต้องล็อกอินก่อน ::
  ล็อกอิน

รายการสื่อสารสนเทศ

ลำดับที่ ประเภท เลขเรียก/บาร์โค้ด สถานที่ สถานะ
1. Book การพยาบาล
Book การพยาบาล
วจ WY157 พ451ผ ฉ.1 
  Barcode: 005504
ห้องสมุดวิทยาเขตสวรรค์ประชารักษ์
►หนังสือทั่วไป
บนชั้น

รายการใกล้เคียง
    ผู้แต่ง [พลอยไพลิน มาสุข กำแพงจินดา]

BibComment


ยังไม่เคยถูกคอมเมนท์

คอมเมนท์ทรัพยากรรายการนี้
  คอมเมนท์: ผลสัมฤทธิ์ของการ..


 Copyright 2026. Bcnsprnw @Library